logo

Bir Sreshtho Munshi Abdur Rouf Library
Jhenaidah Cadet College

The Strategy Of Foreign Aid / (Record no. 5250)

MARC details
000 -LEADER
fixed length control field 00590nam a2200229 a 4500
001 - CONTROL NUMBER
JCCL Control Number 5250
003 - CONTROL NUMBER IDENTIFIER
JCCL marc code BD-JhCC
005 - DATE AND TIME OF LATEST TRANSACTION
control field 20171211171415.0
008 - FIXED-LENGTH DATA ELEMENTS--GENERAL INFORMATION
fixed length control field 171211s1968 bg a|||| ||a| 000 0 eng d
035 ## - SYSTEM CONTROL NUMBER
system control number (BD-JhCC)5250
040 ## - CATALOGING SOURCE
Original cataloging agency BD-JhCC
Modifying agency BD-JhCC
041 ## - LANGUAGE CODE
Language code of Book eng
082 ## - DEWEY DECIMAL CLASSIFICATION NUMBER
Classification number 309.22
Author mark and Year BLA 1968
100 ## - MAIN ENTRY--PERSONAL NAME
Personal name Black, Lloyd D.
245 ## - TITLE STATEMENT
Title The Strategy Of Foreign Aid /
Statement of responsibility, etc Lloyd D. Black
260 ## - PUBLICATION, DISTRIBUTION, ETC. (IMPRINT)
Place of publication, distribution, etc Melbourne
Name of publisher, distributor, etc D. Van Nostrand Company Inc,
Date of publication, distribution, etc 1968.
260 ## - PUBLICATION, DISTRIBUTION, ETC. (IMPRINT)
Place of publication, distribution, etc New Jersey :
300 ## - PHYSICAL DESCRIPTION
Pagination 175 p. :
Dimensions 21 cm.
650 ## - SUBJECT ADDED ENTRY--TOPICAL TERM
Topical term or geographic name as entry element Economic Assistance
942 ## - ADDED ENTRY ELEMENTS (KOHA)
Source of classification or shelving scheme Dewey Decimal Classification
Koha item type Books
Holdings
Source of classification or shelving scheme Damaged status Not for loan Home library Current library Shelving location Date of accession Total Checkouts Full call number Barcode Date last seen Copy number Koha item type
Dewey Decimal Classification     JCC Rouf Library JCC Rouf Library General Stacks 12/11/2017   309.22 BLA 1968 7094 12/11/2017 C- 1 Books

JCC Library | Contacts | JCC Home

Last Update on 23 September 2017
Copyright @ 2017-2020 JCC Rouf Library
Rouf Library, Jhenidah Cadet College (JCC), Bangladesh